Estudio de pre-factibilidad de una planta de tratamiento para aceites lubricantes residuales de motores de combustión interna

Guardado en:
Bibliografiske detaljer
Hovedforfatter: Bello Rojas, Mario Alberto
Format: Bog
Udgivet: [San José , Costa Rica] 1996
Fag:
Tags: Tilføj Tag
Ingen Tags, Vær først til at tagge denne postø!

MARC

LEADER 00000nam a2200000Ia 4500
003 007902
005 20221231144247.0
008 140114s1995 cr a m 000 ||s d
040 |c cru CEDI 
090 |a TFG 3444 
100 |a Bello Rojas, Mario Alberto  |9 10404 
245 |a Estudio de pre-factibilidad de una planta de tratamiento para aceites lubricantes residuales de motores de combustión interna 
260 |c 1996  |a  [San José , Costa Rica] 
300 |a  iv, 154 hojas : ilustraciones (algunas plegables)  
500 |a  Proyecto de graduación (licenciatura en ingeniería química)--Universidad de Costa Rica. Facultad de Ingeniería. Escuela de Ingeniería Química 
650 |x LUBRICANTES   |x INVESTIGACIONES   |x APROVECHAMIENTO DE RESIDUOS  |9 10405 
942 |c TFG 
999 |c 19239  |d 19239